Szilàgyi Jànos György, In Search of Pelasgian Ancestors, The 1861 Hungarian Excavations in the Apennines, Budapest, Atlantisz Publishing House, 2004, 1 vol. 17 × 28, 210 p., fig. ds t., 12 pl. coul. h. t. (notice n° 1595766)
[ vue normale ]
| 000 -LEADER | |
|---|---|
| fixed length control field | 00641cam a2200145 4500500 |
| 005 - DATE AND TIME OF LATEST TRANSACTION | |
| control field | 20251228073713.0 |
| 041 ## - LANGUAGE CODE | |
| Language code of text/sound track or separate title | fre |
| 042 ## - AUTHENTICATION CODE | |
| Authentication code | dc |
| 100 10 - MAIN ENTRY--PERSONAL NAME | |
| Personal name | Cassimatis, Hélène |
| Relator term | author |
| 245 00 - TITLE STATEMENT | |
| Title | Szilàgyi Jànos György, In Search of Pelasgian Ancestors, The 1861 Hungarian Excavations in the Apennines, Budapest, Atlantisz Publishing House, 2004, 1 vol. 17 × 28, 210 p., fig. ds t., 12 pl. coul. h. t. |
| 260 ## - PUBLICATION, DISTRIBUTION, ETC. | |
| Date of publication, distribution, etc. | 2005.<br/> |
| 500 ## - GENERAL NOTE | |
| General note | 2 |
| 786 0# - DATA SOURCE ENTRY | |
| Note | Revue archéologique | 40 | 2 | 2005-09-01 | p. 365z-437z | 0035-0737 |
| 856 41 - ELECTRONIC LOCATION AND ACCESS | |
| Uniform Resource Identifier | <a href="https://shs.cairn.info/revue-archeologique-2005-2-page-365z?lang=fr&redirect-ssocas=7080">https://shs.cairn.info/revue-archeologique-2005-2-page-365z?lang=fr&redirect-ssocas=7080</a> |
Pas d'exemplaire disponible.




Réseaux sociaux